| 000 | 01110cam a2200265 i 4500 | ||
|---|---|---|---|
| 999 |
_c529390 _d529390 |
||
| 003 | Nust | ||
| 005 | 20190925112224.0 | ||
| 008 | 170216b xxu||||| |||| 00| 0 eng d | ||
| 020 | _a0309029139 : | ||
| 038 | _aMSOHAIL | ||
| 040 | _cNust (SCEE)NIT | ||
| 082 | 0 | 0 |
_a625.84 _bFAI |
| 110 | 2 |
_aNational Research Council (U.S.). _920017 |
|
| 245 | 1 | 0 | _aFailure and repair of continuously reinforced concrete pavement. |
| 260 |
_aWashington : _bTransportation Research Board, National Research Council, _c1979. |
||
| 300 |
_a42 p. : _bill. ; _c28 cm. |
||
| 500 | _a"Research sponsored by the American Association of State Highway and Transportation Officials in cooperation with the Federal Highway Administration." | ||
| 650 | 0 |
_aPavements, Reinforced concrete _xCracking. _921352 |
|
| 650 | 0 |
_aPavements, Reinforced concrete _xMaintenance and repair. _921353 |
|
| 650 | 0 |
_aMCE _9379 |
|
| 650 | 0 |
_aPavements, Reinforced concrete _xDesign and construction. _921354 |
|
| 710 | 2 |
_aAmerican Association of State Highway and Transportation Officials. _919553 |
|
| 710 | 1 |
_aUnited States. _921185 |
|
| 942 |
_cBK _2ddc |
||